| 000 -LEADER |
| fixed length control field |
01334 a2200253 4500 |
| 003 - CONTROL NUMBER IDENTIFIER |
| control field |
Nust |
| 005 - DATE AND TIME OF LATEST TRANSACTION |
| control field |
20220727122850.0 |
| 010 ## - LIBRARY OF CONGRESS CONTROL NUMBER |
| LC control number |
98028034 |
| 020 ## - INTERNATIONAL STANDARD BOOK NUMBER |
| International Standard Book Number |
1558603433 |
| 040 ## - CATALOGING SOURCE |
| Transcribing agency |
Nust |
| 082 00 - DEWEY DECIMAL CLASSIFICATION NUMBER |
| Classification number |
004.35,CUL |
| 100 1# - MAIN ENTRY--PERSONAL NAME |
| Personal name |
Culler, David E. |
| 9 (RLIN) |
13753 |
| 245 10 - TITLE STATEMENT |
| Title |
Parallel computer architecture : |
| Remainder of title |
a hardware/software approach / |
| Statement of responsibility, etc. |
David E. Culler, Jaswinder Pal Singh, with Anoop Gupta. |
| 260 ## - PUBLICATION, DISTRIBUTION, ETC. |
| Place of publication, distribution, etc. |
San Francisco : |
| Name of publisher, distributor, etc. |
Morgan Kaufmann Publishers, |
| Date of publication, distribution, etc. |
c1999. |
| 300 ## - PHYSICAL DESCRIPTION |
| Extent |
xxix, 1025 p. : |
| Other physical details |
ill. ; |
| Dimensions |
25 cm. |
| 505 ## - FORMATTED CONTENTS NOTE |
| Formatted contents note |
Introduction (Page-1), Parallel Programs (Page-75), Programming for Performance (Page-121), Workload-Driven Evaluation (Page-199), Shared Memory Multiprocessors (Page-269), Snoop-Based Multiprocessor Design (Page-377), Scalable Multiprocessors (Page-453), Directory-Based Cache Coherence (Page-553), Hardware/Software Trade-offs (Page-679), Interconnection Network Design (Page-749), Latency Tolerance (Page-831), Future Directions (Page-935). |
| 650 #0 - SUBJECT ADDED ENTRY--TOPICAL TERM |
| Topical term or geographic name entry element |
Computer architecture. |
| 650 #0 - SUBJECT ADDED ENTRY--TOPICAL TERM |
| Topical term or geographic name entry element |
Parallel computers. |
| 9 (RLIN) |
13754 |
| 700 1# - ADDED ENTRY--PERSONAL NAME |
| Personal name |
Gupta, Anoop. |
| 9 (RLIN) |
13756 |
| 700 1# - ADDED ENTRY--PERSONAL NAME |
| Personal name |
Singh, Jaswinder Pal. |
| 9 (RLIN) |
13755 |
| 856 42 - ELECTRONIC LOCATION AND ACCESS |
| Materials specified |
Publisher description |
| Uniform Resource Identifier |
<a href="http://www.loc.gov/catdir/description/els033/98028034.html">http://www.loc.gov/catdir/description/els033/98028034.html</a> |
| 856 42 - ELECTRONIC LOCATION AND ACCESS |
| Materials specified |
Table of contents |
| Uniform Resource Identifier |
<a href="http://www.loc.gov/catdir/toc/els032/98028034.html">http://www.loc.gov/catdir/toc/els032/98028034.html</a> |
| 942 ## - ADDED ENTRY ELEMENTS (KOHA) |
| Source of classification or shelving scheme |
|
| Koha item type |
Book |